Elektrochemická stanovenie kofeínu v nápojoch s využitím prietokovej injekčnej analýzy

Salvato in:
Dettagli Bibliografici
Autore principale: Jankuv, Lukáš
Natura: Software Libro
Lingua:slovacco
Pubblicazione: Bratislava STU FCHPT 2012
Accesso online:Visualizza in OPAC
Tags: Aggiungi Tag
Nessun Tag, puoi essere il primo ad aggiungerne!!

MARC

LEADER 00000nam a2200000 a 4500
005 20260127134023.0
007 co ugu
008 120918 2012 xo 000 0 slo d
035 |a vtls010451100 
039 9 |y 201209181324  |z mschk03 
040 |a STUSCHK1  |b slo  |c STUSCHK1  |e AACR2 
100 1 |a Jankuv, Lukáš 
245 1 |a Elektrochemická stanovenie kofeínu v nápojoch s využitím prietokovej injekčnej analýzy  |c Lukáš Jankuv 
260 |a Bratislava  |b STU FCHPT  |c 2012 
300 |a 1 elektronický disk 
500 |a Obháj.: 9.7. 2012 
500 |a Študijný program: chémia a medicínska chémia 
500 |a Kombinácia študijných odborov: 4.1.14 chémia, 5.2.18 chemické technológie 
500 |a Bakalárska práca na CD-ROMe 
500 |a FCHPT, Oddelenie analytickej chémie 
500 |a Evidenčné číslo: 5427-68546 
910 |a SCHK95 
999 |c 2224  |d 2224